1985 1155 1960 1247 1477 1354 1226 1787 1935 1174 1447 1177 1159 1530 1152 1888 1949 1498 1689 1120 1123 1708 1489 1224 1676 1533 1516 1146 1527 1338 1995 1815 1268 1852 1058 1124 1446 1532 1326 1358 1156 1125 1602 1347 1949 1807 1911 1886 1935 1136 1709 1176 1092 1090 1465 1420 1340 1294 1818 1069 1326 1709 1498 1416 1332 1427 1813 1196 1311 1323 1735 1398 1289 1016 1334 1874 1963 1898 1177 1895 1867 1550 1925 1585 1032 1013 1651 1843 1104 1047 1945 1098 1503 1368 1310 1188 1584 1857 1485 BCNSPRNW ULIB Ver.6.0+V

เปลี่ยนเป็นภาษาไทย

Change to English
 แสดงรายละเอียดบรรณานุกรม
  กลับหน้าหลัก

Brief Record : Get Marc (ISO 2709) : E-mail record : QR code < ปิดหน้าต่าง
LEADER : 00000nam 2200000uu 4500
001    13399111720
003     ULIB
008    110707s2554||||th 000 0 tha d
024    9786160603428
090    นว.^bอ525อ 2554
100 0  อัญชรีย์
245 00 Aroma...กลิ่นกรุ่นอุ่นหัวใจ/^cอัญชรีย์
250    พิมพ์ครั้งที่ 4
260    กรุงเทพฯ :^bแจ่มใส,^c2554
300    248 หน้า
945    ^p159^l0^i18288
995     เกษร
999     ^aใช้งานได้ทุกระบบ
รายการนี้ยังไม่มีแท็ก
คุณยังไม่ได้ล็อกอิน คุณสามารถมีกิจกรรมร่วมกับเว็บไซต์ได้ แต่ต้องล็อกอินก่อน ::
  ล็อกอิน

รายการสื่อสารสนเทศ

ลำดับที่ ประเภท เลขเรียก/บาร์โค้ด สถานที่ สถานะ
1. นวนิยาย
นวนิยาย
นว. อ525อ 2554  
  Barcode: 18288
ห้องสมุดวิทยาเขตสวรรค์ประชารักษ์
►นวนิยาย
บนชั้น
  ขอยืม

รายการใกล้เคียง
    ผู้แต่ง [อัญชรีย์]

BibComment


ยังไม่เคยถูกคอมเมนท์

คอมเมนท์ทรัพยากรรายการนี้
  คอมเมนท์: Aromaกลิ่นกรุ่นอุ..


 Copyright 2026. Bcnsprnw @Library